000 00210nam a22000977a 4500
999 _c15948
_d15948
003 OSt
008 191024b ||||| |||| 00| 0 eng d
100 _a Varkey,Ponkunnam.
_91741
245 _aManushyan
942 _cBK